000 00730nam a2200241Ia 4500
003 OSt
005 20220926012326.0
006 a|||||r|||| 00| 0
007 ta
008 220923b |||||||| |||| 00| 0 eng d
020 _a0 521 3496 8
037 _cGeneral Book
040 _aRTL
_cRTL
_beng
041 _2eng
_aeng
082 _aX:9N2.6.N, N0/TD3
100 _aManning Patrick
_917224
245 0 _aSlavery and african life
_b Accidental oriental, and african slave trade
260 _aNew York
_bCambridge university press
_c1990
300 _axi,236p.
_ccm.
650 _aPersonnel Management
_929105
942 _hX:9N2.6.N, N0/TD3
_cGB
_2CC
999 _c622535
_d622535